Statistics for Roblox YT

Click here to take the quiz!

General Stats

  • This quiz has been taken 47 times
  • The average score is 2 of 12

Answer Stats

VideoYoutuber% Correct
If ______ Was A Girl In RobloxDenis
89%
PLAYING ROBLOX ON MARCH 18TH!!!RealDanTDM
34%
If We Move... We'll Die!Bigbst4tz2
5%
Roblox - The TitanicNettyPlays
5%
Roblox ~ Balloon Buddies:SqaisheyQuack
5%
Retail TycoonStampylonghead
5%
A Noob Plays RobloxTankmatt
5%
Roblox Jailbreak 67 - MEOTER DESCRPITION HIDDEN UPDATE GONEChrisandthemike
3%
Escape the evil Bowling Alley ObbyKawaii Kunicorn
3%
*GOING INSIDE" SECRET ICE CAVE DOOR in JAILBREAK (Roblox Jailbreak)LandonRB
3%
Extreme Hide and Go SeekSkrausy
3%
Roblox Videos!Solidarity
3%

Score Distribution

Percentile by Number Answered

Percent of People with Each Score

Your Score History

You have not taken this quiz